Southville International School and Colleges
Your cart is empty.
  • Cart
  • Lists
    Public lists Eva Luna New books Lux_list list_1
    Your lists Log in to create your own lists
  • Log in to your account
  • Your cookies
  • Search history
Southville International School and Colleges
  • Advanced search
  • Recent comments
  • Most popular
  • Libraries

Log in to your account

Log in with GOOGLE


If you do not have an external account, but do have a local account, you can still log in:

  1. Home
  2. MARC view: Palliative care :
Normal view MARC view ISBD view

Palliative care : (Record no. 25370)

[ view plain ]
MARC details
000 -LEADER
fixed length control field 00661nam a2200229 a 4500
005 - DATE AND TIME OF LATEST TRANSACTION
control field 20140310183619.0
008 - FIXED-LENGTH DATA ELEMENTS--GENERAL INFORMATION
fixed length control field 130408s19uu xx 00 eng d
020 ## - INTERNATIONAL STANDARD BOOK NUMBER
International Standard Book Number 9789812728630
050 ## - LIBRARY OF CONGRESS CALL NUMBER
Classification number RT 87.T45
Item number .P37 2010
100 ## - MAIN ENTRY--PERSONAL NAME
Personal name Lugton, Jean
245 ## - TITLE STATEMENT
Title Palliative care :
Remainder of title the nursing role /
Statement of responsibility, etc edited by Jean Lugton, Rosemary McIntyre.
250 ## - EDITION STATEMENT
Edition statement 2nd ed.
260 ## - PUBLICATION, DISTRIBUTION, ETC. (IMPRINT)
Place of publication, distribution, etc Edinburgh :
Name of publisher, distributor, etc Elsevier / Churchill Livingstone,
Date of publication, distribution, etc c2010..
300 ## - PHYSICAL DESCRIPTION
Extent x, 423 p. :
Dimensions 23 cm.
521 ## - TARGET AUDIENCE NOTE
Target audience note
650 ## - SUBJECT ADDED ENTRY--TOPICAL TERM
Topical term or geographic name as entry element Nursing
650 ## - SUBJECT ADDED ENTRY--TOPICAL TERM
Topical term or geographic name as entry element Palliative treatment
650 ## - SUBJECT ADDED ENTRY--TOPICAL TERM
Topical term or geographic name as entry element Terminal care
700 ## - ADDED ENTRY--PERSONAL NAME
Personal name McIntyre, Rosemary
942 ## - ADDED ENTRY ELEMENTS (KOHA)
Koha item type Books
Source of classification or shelving scheme Library of Congress Classification
Call number prefix Foreign
Holdings
Withdrawn status Lost status Source of classification or shelving scheme Damaged status Home library Current library Shelving location Date acquired Source of acquisition Total Checkouts Full call number Barcode Date last seen Copy number Price effective from Koha item type
    Library of Congress Classification   College Library College Library General Circulation Section 03/26/2013 Donation   RT 87.T45 .P37 2010 C15414 05/15/2018 1 03/10/2014 Books

Palliative care :

APA

Lugton J., McIntyre R., . (2010). Palliative care. Edinburgh: Elsevier / Churchill Livingstone.

Chicago

Lugton Jean, McIntyre Rosemary, . 2010. Palliative care. Edinburgh: Elsevier / Churchill Livingstone.

Harvard

Lugton J., McIntyre R., . (2010). Palliative care. Edinburgh: Elsevier / Churchill Livingstone.

MLA

Lugton Jean, McIntyre Rosemary, . Palliative care. Edinburgh: Elsevier / Churchill Livingstone. 2010.

  • Place hold
  • Print
  • Cite
  • Add to your cart (remove)
  • Save record
    BIBTEX Dublin Core MARCXML MARC (non-Unicode/MARC-8) MARC (Unicode/UTF-8) MARC (Unicode/UTF-8, Standard) MODS (XML) RIS
  • More searches
    Search for this title in:
    Other Libraries (WorldCat) Other Databases (Google Scholar) Online Stores (Bookfinder.com) Open Library (openlibrary.org)

Exporting to Dublin Core...

SOUTHVILLE LIBRARY

Southville International School and Colleges Library

1281 Tropical Ave. Cor. Luxembourg St., BF Homes International, Las Pinas City

Tel. No. 8256374 / 252358 Loc. 117/146

Powered by Koha